000 01803nam a2200421 i 4500
001 000006769
003 DO-SdBNP
005 20250822102251.0
007 ta
008 090902s2005 dr 000 0 spa d
020 _a9945415085
040 _aDO-SdBNP
_bspa
_cBNPHU
_erda
041 _aspa
049 _aBNPD
082 4 _a370.98
_bG358i
_222
100 1 _aGerardo Weisz, Vilma R.
_eautor
_4aut.
_918824
245 1 0 _aInnovación educativa :
_bperspectivas de la investigación y el magisterio /
_cVilma R. Gerardo Weisz, Sabina Barone, Frankelly Martínez, Franklin Peralta y Raymundo González ; cuidado de edición, Diógenes Céspedes ; prólogo y coordinación, Radhamés Mejía.
264 1 _aSanto Domingo :
_bCEIDHUMANO,
_c2005.
300 _a102 páginas :
_b22 cm.
336 _atexto
_btxt
_2rdacontent
337 _asin mediación
_bn
_2rdamedia
338 _avolumen
_bnc
_2rdacarrier
500 _aEn la cubierta: "Espacio de la Reflexión Foro Socioeducativo"
500 _aIncluye referencias bibliográficas y notas al pie de las páginas
504 _aBibliografía : páginas 100-102
590 _aInventariado, 2021/VM
650 4 _aInnovación educativa
_zAmérica Latina
_918825
650 4 _aEducación
_zAmérica Latina
_918826
700 1 _aBarone, Sabine,
_eautor
_4aut.
_96414
700 1 _aMartínez, Frankelly,
_eautor
_4aut.
_988526
700 1 _aPeralta, Franklin,
_eautor
_4aut.
_988527
700 1 _aGonzález, Raymundo,
_eautor
_4aut.
_96373
700 1 _aMejía, Radhamés,
_eprologuista y coordinador
_4pr., coord.
_96414
700 1 _aCéspedes, Diógenes,
_d1941-
_eeditor
_4ed..
_920548
710 2 _aCentro de Investgación en Educación y Desarrollo Humano (República Dominicana)
_918827
910 _aValidado. Control de calidad BNPHU
942 _2ddc
_cLBS1
999 _c6557
_d6557